Marvel Comics Slideshow: U Quiz Stats

 Plays Quiz not verified by Sporcle

Challenge
Share
Tweet
Score 0/14 Timer 10:00
0 Plays Today
% Correct
Ultron
96.6%
Union Jack
90.5%
U.S. Agent
83.5%
Uatu the Watcher
77.1%
Ultimates
69.8%
Unicorn
68%
Ursa Major
53.6%
% Correct
Unus the Untouchable
51.8%
U-Foes
45.9%
Ultimo
27.8%
Ultra Girl
25.8%
U-Man
24.7%
Uni-mind
22.7%
Umar
19.6%

You're not logged in!

Compare scores with friends on all Sporcle quizzes.
OR
Log In

You Might Also Like...

Show Comments

Extras

Top Quizzes Today


Score Distribution

Your Account Isn't Verified!

In order to create a playlist on Sporcle, you need to verify the email address you used during registration. Go to your Sporcle Settings to finish the process.

Report this User

Report this user for behavior that violates our Community Guidelines.

Details: